| 000 | 00749nam a22002175i 4500 | ||
|---|---|---|---|
| 001 | 159910 | ||
| 003 | ES-MaACL | ||
| 005 | 20230906211853.0 | ||
| 008 | 990421s1888 fr a |||| | fre d | ||
| 040 |
_aCCPB | B _bspa _cCCPB | B |
||
| 100 | 0 |
_aMolinier, Emile. _982010 |
|
| 245 | 1 | 3 |
_aLa céramique italienne au XVe siècle / _cpar Émile Molinier. |
| 260 |
_aParis : _bErnest Leroux, Editeur, _c1888. |
||
| 300 |
_a[6], 88 p. : _bil. ; _c16 cm. |
||
| 490 | 1 |
_aPetite Bibliothèque d'Art et d'Archéologie ; _v7 |
|
| 597 | _aPort. a dos tintas. | ||
| 650 | 4 |
_aCerámica italiana- _yS.XV. _9135757 |
|
| 830 | 0 |
_aPetite Bibliothèque d'Art et d'Archéologie ; _v7 _9184434 |
|
| 852 |
_aES-MaACL _jF-2722 _z-- Rust. |
||
| 999 |
_c159910 _d159910 |
||